ADOOR GOPALAKRISHNAN A LIFE IN CINEMA (Record no. 16983)

MARC details
000 -LEADER
fixed length control field 00349nam a2200133Ia 4500
008 - FIXED-LENGTH DATA ELEMENTS--GENERAL INFORMATION
fixed length control field 240624s9999 xx 000 0 und d
041 ## - LANGUAGE CODE
Language code of text/sound track or separate title eng
082 ## - DEWEY DECIMAL CLASSIFICATION NUMBER
Classification number 920 BHA
100 ## - MAIN ENTRY--PERSONAL NAME
Personal name BHASKARAN GAUTAMAN
245 ## - TITLE STATEMENT
Title ADOOR GOPALAKRISHNAN A LIFE IN CINEMA
260 ## - PUBLICATION, DISTRIBUTION, ETC.
Date of publication, distribution, etc. 2010
Place of publication, distribution, etc. New Delhi
Name of publisher, distributor, etc. Penguin Books India
300 ## - PHYSICAL DESCRIPTION
Extent 218 : p. : cm. ; 24
365 ## - TRADE PRICE
Currency code RS
Holdings
Withdrawn status Lost status Damaged status Not for loan Home library Current library Shelving location Date acquired Source of acquisition Cost, normal purchase price Full call number Barcode Date last seen Copy number Price effective from Koha item type
        IMTN IMTN Rack 43-B 04/28/2011 FK 431.00 920 BHA 16983 06/24/2024 1 06/24/2024 Books
Designed & Maintained by: LRC IMT Nagpur Contact: lrc@imtnag.ac.in© 2024. All Rights Reserved.